000 02426cam a2200505 i 4500
001 xx004684945
003 NUKAT
005 20260416105609.0
008 190822s2019 pl a |001 0 pol c
020 _a9788380986589
_q(oprawa twarda) :
_czł 40,00
035 _a(OCoLC)1117294882
035 _a(NUKAT)xx004684945
040 _aWA U/EBA
_bpol
_erda
_cWA U/EBAs
_dWA U/EBA
_dWA U/EBAs
_dWA 392/MKD
_dOLSZT 008/bak
045 2 _bd1919
_bd1939
046 _k2019
100 1 _aWrona, Paweł
_c(historia).
_eAutor
_940134
245 1 0 _aArmia Komendanta :
_bZwiązek Strzelecki na Lubelszczyźnie w Drugiej Rzeczypospolitej /
_cPaweł Wrona ; Instytut Pamięci Narodowej - Komisja Ścigania Zbrodni przeciwko Narodowi Polskiemu.
246 3 0 _aZwiązek Strzelecki na Lubelszczyźnie w Drugiej Rzeczypospolitej
260 _aWarszawa :
_bInstytut Pamięci Narodowej - Komisja Ścigania Zbrodni przeciwko Narodowi Polskiemu,
_c2019.
300 _a462, [1] strona, [8] stron tablic ;
_c25 cm.
336 _aTekst
_btxt
_2rdacontent
337 _aBez urządzenia pośredniczącego
_bn
_2rdamedia
338 _aWolumin
_bnc
_2rdacarrier
380 _aKsiążki
380 _aPublikacje naukowe
388 1 _a2001-
490 1 _aMonografie / Instytut Pamięci Narodowej - Komisja Ścigania Zbrodni przeciwko Narodowi Polskiemu ;
_vt. 146
504 _aBibliografia, netografia na stronach 390-413. Indeks.
586 8 _aPraca wyróżniona w Konkursie im. Władysława Pobóg-Malinowskiego na Najlepszy Debiut Historyczny Roku 2013
610 2 7 _aZwiązek Strzelecki (1919-1939)
_2DBN
_940137
610 2 7 _aZwiązek Strzelecki (1919-1939).
_2kaba
_940138
648 7 _a1901-2000
_2DBN
_934996
648 7 _a1918-1939
_2DBN
_936041
650 7 _aOrganizacje młodzieżowe
_2DBN
_939362
650 7 _aOrganizacje paramilitarne
_2DBN
_940135
650 7 _aSiły paramilitarne
_zPolska
_zLublin (region)
_y1900-1945.
_2kaba
_940136
651 7 _aLubelszczyzna
_2DBN
_935444
655 7 _aMonografia
_2DBN
_935240
658 _aHistoria
658 _aPolityka, politologia, administracja publiczna
710 2 _aInstytut Pamięci Narodowej - Komisja Ścigania Zbrodni przeciwko Narodowi Polskiemu.
_eWydawca
_4pbl
_911792
830 0 _aMonografie - Instytut Pamięci Narodowej - Komisja Ścigania Zbrodni przeciwko Narodowi Polskiemu
_vt. 146
_911794
920 _a978-83-8098-658-9 (oprawa twarda) : zł 40,00
942 _2ddc
_cBK_NM
999 _c27605
_d27605